00906nam a2200253 i 4500001001000000003000400010005001700014007000300031008004100034020001800075040003000093082002400123100005200147245007500199264007100274300002000345336002700365337003500392338002900427490003900456500002100495500007300516651006300589000024921OSt20240409122244.0ta090702s1957 dr 000 0 spa d a9789945861334 aDO-SdBNPbspacBNPHUerda 4a972.9303bR696r2221 aRodríguez Demorizi, Emilio,d1908-1986eautor10aRelaciones históricas de Santo Domingo /cEmilio Rodriguez Demorizi. aSanto Domingo : bArchivo General de la Nación, bMontalvoc1957 avolumenc23 cm. 2rdacontentatextobtxt 2rdamedia asin mediación bn 2rdacarrier avolumenbnc0 aArchivo General de la Naciónv13 aincluye índice aIncluye referencias bibliográficas y notas al pie de las páginas 0aRepública Dominicana --xHistoria --yColonia, 1503-1844